[Event "Szuperliga - GM Szabo Laszlo"]
[Site "Nagykanizsa"]
[Date "2024.03.03"]
[Round "5.6"]
[White "Medvegy, Zoltan"]
[Black "Kovacs, Gabor"]
[Result "1-0"]
[WhiteElo "2501"]
[BlackElo "2398"]
[PlyCount "116"]
[EventDate "2023.10.28"]
[EventType "team-tourn"]
[EventRounds "9"]
[EventCountry "HUN"]
[Source "chess.hu"]
[WhiteTeam "Tuxera ANSK"]
[BlackTeam "Haladas VSE"]
[WhiteTeamCountry "HUN"]
[BlackTeamCountry "HUN"]

1. c4 e6 2. g3 d5 3. Bg2 Nf6 4. Nf3 Be7 5. d4 O-O 6. O-O dxc4 7. Ne5 Nc6 8.
Bxc6 bxc6 9. Nxc6 Qe8 10. Nxe7+ Qxe7 11. Qc2 c5 12. dxc5 Qxc5 13. Be3 Qc6 14.
f3 e5 15. Nc3 Re8 16. Qa4 Qe6 17. Rad1 Bb7 18. Qb5 Bc6 19. Qc5 Rec8 20. Rd6 Qe8
21. Qxc4 Rab8 22. Bg5 Ba8 23. Qh4 Nd7 24. Qa4 Nf8 25. Qxe8 Rxe8 26. b3 Rec8 27.
Rc1 Rc6 28. Rxc6 Bxc6 29. Ne4 Bb5 30. Kf2 Ne6 31. Be3 a6 32. g4 f6 33. Rd1 Rc8
34. Nd6 Rd8 35. Ke1 Bc6 36. Nc4 Kf7 37. Rxd8 Nxd8 38. Kd2 Ke6 39. Bc5 Nb7 40.
Bf8 g6 41. e4 f5 42. Kd3 fxe4+ 43. fxe4 Nd8 44. g5 Nf7 45. h4 Nd8 46. a4 Nb7
47. Ke3 Be8 48. Bb4 Nd8 49. Bd6 Nc6 50. Bc5 Nd8 51. Kd3 Nb7 52. Bf8 Bc6 53. Bb4
Be8 54. Ne3 Bc6 55. Ng4 Nd8 56. Bf8 Nb7 57. Nf6 Kf7 58. Bb4 h5 1-0

[Event "Szuperliga - GM Szabo Laszlo"]
[Site "Nagykanizsa"]
[Date "2024.03.03"]
[Round "5.7"]
[White "Borhy, Marcell"]
[Black "Aczel, Gergely"]
[Result "0-1"]
[WhiteElo "2370"]
[BlackElo "2492"]
[PlyCount "96"]
[EventDate "2023.10.28"]
[EventType "team-tourn"]
[EventRounds "9"]
[EventCountry "HUN"]
[Source "chess.hu"]
[WhiteTeam "Haladas VSE"]
[BlackTeam "Tuxera ANSK"]
[WhiteTeamCountry "HUN"]
[BlackTeamCountry "HUN"]

1. c4 e6 2. g3 d5 3. Bg2 d4 4. Nf3 Nc6 5. O-O Nh6 6. e3 Nf5 7. e4 Nfe7 8. d3
Ng6 9. Na3 e5 10. Nc2 h5 11. Bg5 f6 12. Bd2 h4 13. Qe1 Be6 14. b4 Qd7 15. b5
Nd8 16. a4 Nf7 17. Qe2 Bg4 18. Rfc1 Be7 19. Qf1 a5 20. bxa6 Rxa6 21. a5 c5 22.
Ra3 Bd8 23. Na1 Qc8 24. Nb3 Nd6 25. Re1 Be6 26. Raa1 h3 27. Bh1 Nf8 28. Reb1 g5
29. Ne1 Ng6 30. Nc2 O-O 31. Na3 Be7 32. Qd1 g4 33. Qc2 Kh7 34. Nb5 Nf7 35. f3
gxf3 36. Bxf3 Ng5 37. Bh1 f5 38. exf5 Bxf5 39. Rf1 e4 40. dxe4 Bg4 41. e5 Be2
42. Rxf8 Qxf8 43. Bd5 d3 44. Qb2 Nf3+ 45. Kh1 Nfxe5 46. Bf4 Nxf4 47. gxf4 Qxf4
48. Nd2 Rg6 0-1

[Event "Szuperliga - GM Szabo Laszlo"]
[Site "Nagykanizsa"]
[Date "2024.03.03"]
[Round "5.8"]
[White "Horvath, Csaba"]
[Black "Gombocz, Ferenc Jr"]
[Result "1/2-1/2"]
[WhiteElo "2497"]
[BlackElo "2351"]
[PlyCount "61"]
[EventDate "2023.10.28"]
[EventType "team-tourn"]
[EventRounds "9"]
[EventCountry "HUN"]
[Source "chess.hu"]
[WhiteTeam "Tuxera ANSK"]
[BlackTeam "Haladas VSE"]
[WhiteTeamCountry "HUN"]
[BlackTeamCountry "HUN"]

1. c4 c5 2. Nf3 Nc6 3. d4 cxd4 4. Nxd4 Qb6 5. Nb5 a6 6. Be3 Qa5+ 7. N5c3 Nf6 8.
g3 Ng4 9. Bc1 e6 10. Bg2 b5 11. Nd2 bxc4 12. Nxc4 Qc5 13. Ne3 Nf6 14. O-O d5
15. Nc2 Be7 16. e4 dxe4 17. Nxe4 Nxe4 18. Bxe4 Bb7 19. Be3 Qe5 20. Bg2 Rd8 21.
Qg4 O-O 22. Rab1 Qb8 23. Qe2 Ne5 24. Bd4 Bxg2 25. Kxg2 Qb7+ 26. f3 Nd7 27. Rfd1
Bf6 28. Ne3 Bxd4 29. Rxd4 Ne5 30. Rxd8 Rxd8 31. Rd1 1/2-1/2

[Event "Szuperliga - GM Szabo Laszlo"]
[Site "Nagykanizsa"]
[Date "2024.03.03"]
[Round "5.9"]
[White "Balint, Peter"]
[Black "Palczert, Matyas"]
[Result "1-0"]
[WhiteElo "2345"]
[BlackElo "2297"]
[PlyCount "79"]
[EventDate "2023.10.28"]
[EventType "team-tourn"]
[EventRounds "9"]
[EventCountry "HUN"]
[Source "chess.hu"]
[WhiteTeam "Haladas VSE"]
[BlackTeam "Tuxera ANSK"]
[WhiteTeamCountry "HUN"]
[BlackTeamCountry "HUN"]

1. e4 e5 2. Nf3 Nc6 3. Bb5 a6 4. Ba4 Nf6 5. d3 b5 6. Bb3 Bc5 7. c3 d6 8. Nbd2
O-O 9. O-O h6 10. h3 Re8 11. Re1 Bb6 12. Nf1 Ne7 13. Nh4 Be6 14. Ng3 g5 15. Nh5
Nc6 16. Nf5 Bxf5 17. exf5 Na5 18. Bc2 Nxh5 19. Qxh5 Qf6 20. Qf3 d5 21. b4 e4
22. dxe4 Nc4 23. h4 gxh4 24. Bf4 dxe4 25. Bxe4 Rad8 26. Qh5 Kg7 27. Re2 Nd6 28.
Rae1 Kh7 29. Bc2 Rxe2 30. Rxe2 Kg8 31. Bxh6 Re8 32. Qg4+ Kh8 33. Bg5 Qxc3 34.
Qxh4+ Kg8 35. f6 Bxf2+ 36. Rxf2 Re1+ 37. Kh2 Ne4 38. Bxe4 Qe5+ 39. Rf4 Rxe4 40.
Qh6 1-0

[Event "Szuperliga - GM Szabo Laszlo"]
[Site "Nagykanizsa"]
[Date "2024.03.03"]
[Round "5.10"]
[White "Gara, Anita"]
[Black "Lakos, Nikoletta"]
[Result "1-0"]
[WhiteElo "2332"]
[BlackElo "2215"]
[PlyCount "59"]
[EventDate "2023.10.28"]
[EventType "team-tourn"]
[EventRounds "9"]
[EventCountry "HUN"]
[Source "chess.hu"]
[WhiteTeam "Tuxera ANSK"]
[BlackTeam "Haladas VSE"]
[WhiteTeamCountry "HUN"]
[BlackTeamCountry "HUN"]

1. e4 c5 2. Nf3 Nc6 3. d4 cxd4 4. Nxd4 Qb6 5. Nb3 Nf6 6. Nc3 e6 7. Qe2 Bb4 8.
Bd2 O-O 9. a3 Be7 10. O-O-O d6 11. Be3 Qc7 12. f4 a6 13. g4 b5 14. g5 Nd7 15.
Kb1 Nb6 16. h4 Rb8 17. Rh3 Bd7 18. h5 Rfe8 19. Qf2 Na4 20. Bc1 Nxc3+ 21. Rxc3
a5 22. g6 b4 23. gxf7+ Kxf7 24. axb4 axb4 25. Rg3 Ra8 26. f5 Bf6 27. h6 exf5
28. Bc4+ Be6 29. Rxg7+ Bxg7 30. Qxf5+ 1-0

[Event "Szuperliga - GM Szabo Laszlo"]
[Site "Tapolca"]
[Date "2024.03.03"]
[Round "5.1"]
[White "Sjugirov, Sanan"]
[Black "Ostovic, Matija"]
[Result "1-0"]
[WhiteElo "2690"]
[BlackElo "2374"]
[PlyCount "69"]
[EventDate "2023.10.28"]
[EventType "team-tourn"]
[EventRounds "9"]
[EventCountry "HUN"]
[Source "chess.hu"]
[WhiteTeam "Sentimento Ajka BSK"]
[BlackTeam "Tapolca Varosi VSE"]
[WhiteTeamCountry "HUN"]
[BlackTeamCountry "HUN"]

1. e4 e5 2. Nf3 d6 3. d4 exd4 4. Nxd4 Nf6 5. Nc3 g6 6. Be3 Bg7 7. Qd2 O-O 8.
O-O-O Re8 9. f3 Nc6 10. g4 a6 11. Be2 Ne5 12. Bh6 Bh8 13. Bg5 b5 14. Rhg1 Bb7
15. a3 c5 16. Nf5 gxf5 17. gxf5 Kf8 18. f4 Nc6 19. Nd5 Bg7 20. e5 Ne4 21. f6
Nxg5 22. fxg7+ Kxg7 23. Rxg5+ Kh8 24. Nf6 dxe5 25. Nxe8 Qxd2+ 26. Rxd2 Rxe8 27.
Rd7 Nd4 28. Bh5 Be4 29. Rxe5 Rxe5 30. fxe5 Nxc2 31. Bxf7 Nd4 32. e6 Bf5 33.
Rd8+ Kg7 34. e7 Bd7 35. Bd5 1-0

[Event "Szuperliga - GM Szabo Laszlo"]
[Site "Tapolca"]
[Date "2024.03.03"]
[Round "5.2"]
[White "Cop, Tomislav"]
[Black "Pechac, Jergus"]
[Result "0-1"]
[WhiteElo "2314"]
[BlackElo "2571"]
[PlyCount "82"]
[EventDate "2023.10.28"]
[EventType "team-tourn"]
[EventRounds "9"]
[EventCountry "HUN"]
[Source "chess.hu"]
[WhiteTeam "Tapolca Varosi VSE"]
[BlackTeam "Sentimento Ajka BSK"]
[WhiteTeamCountry "HUN"]
[BlackTeamCountry "HUN"]

1. e4 e5 2. Nf3 Nc6 3. Bb5 Nge7 4. d3 Ng6 5. Bxc6 dxc6 6. Be3 c5 7. Nbd2 Be7 8.
Nc4 f6 9. a4 Be6 10. O-O Qd7 11. Qe2 a5 12. Nfd2 b6 13. Rfe1 h5 14. Nb1 O-O-O
15. Nc3 Kb7 16. f3 h4 17. Red1 Rh5 18. Qe1 Nf4 19. Bxf4 exf4 20. Ne2 Bd6 21.
Nxd6+ Qxd6 22. Qd2 g5 23. d4 h3 24. g3 fxg3 25. hxg3 h2+ 26. Kh1 f5 27. Qe3
fxe4 28. fxe4 Bg4 29. d5 Qe5 30. Rf1 Rxd5 31. Nc3 Rd4 32. Rae1 Rh3 33. Kg2 Rd2+
34. Rf2 Rxf2+ 35. Qxf2 Rh6 36. Qe3 Rf6 37. Rh1 Qd4 38. Re1 Bf3+ 39. Kxh2 Rh6+
40. Kg1 Rh1+ 41. Kf2 Rxe1 0-1

[Event "Szuperliga - GM Szabo Laszlo"]
[Site "Tapolca"]
[Date "2024.03.03"]
[Round "5.3"]
[White "Banusz, Tamas"]
[Black "Buzas, Bertalan"]
[Result "1-0"]
[WhiteElo "2617"]
[BlackElo "2289"]
[PlyCount "89"]
[EventDate "2023.10.28"]
[EventType "team-tourn"]
[EventRounds "9"]
[EventCountry "HUN"]
[Source "chess.hu"]
[WhiteTeam "Sentimento Ajka BSK"]
[BlackTeam "Tapolca Varosi VSE"]
[WhiteTeamCountry "HUN"]
[BlackTeamCountry "HUN"]

1. Nf3 Nf6 2. g3 g6 3. Bg2 Bg7 4. d4 d5 5. c4 c6 6. Qb3 O-O 7. Nc3 Qb6 8. O-O
Rd8 9. Bd2 Bf5 10. Na4 Qxb3 11. axb3 Nbd7 12. Rfc1 Rdc8 13. e3 Be4 14. Nc3 e6
15. h3 Nb6 16. Nxe4 Nxe4 17. Be1 f5 18. Rc2 Nd7 19. Bf1 Bf8 20. Kg2 Bd6 21. Ng1
Kf7 22. Bd3 a6 23. Rac1 Rf8 24. cxd5 exd5 25. f3 Ng5 26. Re2 Rae8 27. Bc3 Re7
28. g4 Ke8 29. Rf1 Ne6 30. b4 Kd8 31. f4 Ng7 32. Nf3 Nf6 33. Ne5 Re6 34. Ref2
Kc7 35. Rc2 Kd8 36. Be1 Nd7 37. Bd2 Be7 38. Ra1 Nb8 39. b5 cxb5 40. Ba5+ b6 41.
Rac1 Bd6 42. Bxb6+ Ke7 43. Rc7+ Bxc7 44. Rxc7+ Ke8 45. Rc8+ 1-0

[Event "Szuperliga - GM Szabo Laszlo"]
[Site "Tapolca"]
[Date "2024.03.03"]
[Round "5.5"]
[White "Balog, Imre"]
[Black "Kassay, Krisztian"]
[Result "1-0"]
[WhiteElo "2616"]
[BlackElo "2124"]
[PlyCount "69"]
[EventDate "2023.10.28"]
[EventType "team-tourn"]
[EventRounds "9"]
[EventCountry "HUN"]
[Source "chess.hu"]
[WhiteTeam "Sentimento Ajka BSK"]
[BlackTeam "Tapolca Varosi VSE"]
[WhiteTeamCountry "HUN"]
[BlackTeamCountry "HUN"]

1. d4 Nf6 2. c4 e6 3. Nc3 Bb4 4. Qc2 d5 5. cxd5 exd5 6. Bg5 O-O 7. e3 c6 8. Bd3
h6 9. Bh4 Be6 10. Nge2 Nbd7 11. h3 Be7 12. Nf4 Ne8 13. Bg3 b5 14. Nce2 Bd6 15.
O-O Rc8 16. Rac1 Qb6 17. Rfd1 Qb8 18. Bh7+ Kh8 19. Bf5 Bxf5 20. Qxf5 Ndf6 21.
Rc2 Qb7 22. Nd3 g6 23. Qf3 Ne4 24. h4 Nxg3 25. Nxg3 Ng7 26. Rdc1 Qd7 27. Ne2
Kh7 28. Nef4 Ne6 29. Qh3 Rc7 30. h5 Nd8 31. Nxd5 Qxh3 32. gxh3 cxd5 33. Rxc7
Bxc7 34. hxg6+ Kxg6 35. Rxc7 1-0

[Event "Szuperliga - GM Szabo Laszlo"]
[Site "Tapolca"]
[Date "2024.03.03"]
[Round "5.6"]
[White "Juhasz, Judit"]
[Black "Neugebauer, Martin"]
[Result "0-1"]
[WhiteElo "2002"]
[BlackElo "2529"]
[PlyCount "56"]
[EventDate "2023.10.28"]
[EventType "team-tourn"]
[EventRounds "9"]
[EventCountry "HUN"]
[Source "chess.hu"]
[WhiteTeam "Tapolca Varosi VSE"]
[BlackTeam "Sentimento Ajka BSK"]
[WhiteTeamCountry "HUN"]
[BlackTeamCountry "HUN"]

1. e4 c5 2. Nf3 d6 3. d4 cxd4 4. Nxd4 Nf6 5. Nc3 a6 6. Be3 e5 7. Nb3 Be6 8. f3
h5 9. Qd2 Nbd7 10. O-O-O Rc8 11. Kb1 Qc7 12. g3 b5 13. Nd5 Bxd5 14. exd5 Nb6
15. Bxb6 Qxb6 16. Bg2 Be7 17. Rhe1 Nd7 18. f4 g6 19. fxe5 Nxe5 20. Rxe5 dxe5
21. d6 Rd8 22. d7+ Kf8 23. Qd5 Kg7 24. Qxe5+ Bf6 25. Qd5 Rxd7 26. Qxd7 Rd8 27.
Qxd8 Bxd8 28. Nd4 b4 0-1

[Event "Szuperliga - GM Szabo Laszlo"]
[Site "Tapolca"]
[Date "2024.03.03"]
[Round "5.7"]
[White "Korpa, Bence"]
[Black "Szabo, Benjamin"]
[Result "1-0"]
[WhiteElo "2545"]
[BlackElo "2079"]
[PlyCount "67"]
[EventDate "2023.10.28"]
[EventType "team-tourn"]
[EventRounds "9"]
[EventCountry "HUN"]
[Source "chess.hu"]
[WhiteTeam "Sentimento Ajka BSK"]
[BlackTeam "Tapolca Varosi VSE"]
[WhiteTeamCountry "HUN"]
[BlackTeamCountry "HUN"]

1. Nf3 Nf6 2. g3 b5 3. Bg2 Bb7 4. O-O e6 5. d3 Be7 6. e4 d6 7. a4 b4 8. a5 O-O
9. c3 c5 10. cxb4 cxb4 11. Nbd2 Na6 12. Nb3 Rb8 13. Bf4 Nd7 14. Nfd2 e5 15. Be3
Ndc5 16. d4 exd4 17. Bxd4 Bf6 18. Qf3 Be5 19. Rad1 Qe7 20. Qe3 Rfe8 21. Rfe1
Bxd4 22. Nxd4 Qf6 23. Nb5 Ba8 24. Nd4 d5 25. e5 Qg6 26. N2f3 Ne4 27. Nh4 Qh5
28. f3 Nec5 29. Nhf5 f6 30. e6 Nc7 31. e7 Kh8 32. Rc1 N5a6 33. Nd6 Rg8 34. Bf1
1-0

[Event "Szuperliga - GM Szabo Laszlo"]
[Site "Tapolca"]
[Date "2024.03.03"]
[Round "5.8"]
[White "Marton, Jozsef"]
[Black "Varga, Zoltan"]
[Result "1-0"]
[WhiteElo "1971"]
[BlackElo "2348"]
[PlyCount "49"]
[EventDate "2023.10.28"]
[EventType "team-tourn"]
[EventRounds "9"]
[EventCountry "HUN"]
[Source "chess.hu"]
[WhiteTeam "Tapolca Varosi VSE"]
[BlackTeam "Sentimento Ajka BSK"]
[WhiteTeamCountry "HUN"]
[BlackTeamCountry "HUN"]

1. d4 d5 2. Bf4 c5 3. e3 Nc6 4. c3 Qb6 5. Qb3 c4 6. Qc2 Bf5 7. Qxf5 Qxb2 8.
Qxd5 Qxa1 9. Qb5 O-O-O 10. Bxc4 e5 11. Ne2 Bd6 12. Bxe5 a6 13. Qb6 Bxe5 14.
dxe5 Nxe5 15. Qc5+ Nc6 16. Qf5+ Kb8 17. Qc2 Ne5 18. Bxa6 bxa6 19. O-O Nd3 20.
Nd4 Ne7 21. Qxd3 Qxa2 22. c4 Rc8 23. Na3 Ka7 24. Qc3 Nd5 25. Qa5 1-0

[Event "Szuperliga - GM Szabo Laszlo"]
[Site "Tapolca"]
[Date "2024.03.03"]
[Round "5.9"]
[White "Pasti, Aron"]
[Black "Alexandrova, Angelina"]
[Result "1-0"]
[WhiteElo "2373"]
[BlackElo "1812"]
[PlyCount "75"]
[EventDate "2023.10.28"]
[EventType "team-tourn"]
[EventRounds "9"]
[EventCountry "HUN"]
[Source "chess.hu"]
[WhiteTeam "Sentimento Ajka BSK"]
[BlackTeam "Tapolca Varosi VSE"]
[WhiteTeamCountry "HUN"]
[BlackTeamCountry "HUN"]

1. e4 e6 2. d4 d5 3. Nc3 Bb4 4. e5 c5 5. Bd2 Ne7 6. a3 Bxc3 7. Bxc3 Nbc6 8. Nf3
cxd4 9. Bxd4 Nxd4 10. Qxd4 Nc6 11. Qg4 O-O 12. Bd3 f6 13. O-O-O Nxe5 14. Nxe5
fxe5 15. Qh5 h6 16. f3 Qf6 17. Rhe1 Bd7 18. Qxe5 Rac8 19. Kb1 b5 20. Qxf6 gxf6
21. f4 a5 22. f5 e5 23. Be4 dxe4 24. Rxd7 Rc4 25. b3 Rc3 26. Rxe4 Rfc8 27. Rd2
Kf7 28. Rh4 Kg7 29. Rg4+ Kf7 30. Rg6 h5 31. Rd7+ Ke8 32. Rb7 Kf8 33. Rxf6+ Kg8
34. Rg6+ Kh8 35. Rh6+ Kg8 36. f6 Rxc2 37. Rg7+ Kf8 38. Rh8# 1-0

[Event "Szuperliga - GM Szabo Laszlo"]
[Site "Tapolca"]
[Date "2024.03.03"]
[Round "5.10"]
[White "Toth, Barnabas"]
[Black "Gaal, Zsoka"]
[Result "1-0"]
[WhiteElo "1914"]
[BlackElo "2379"]
[PlyCount "63"]
[EventDate "2023.10.28"]
[EventType "team-tourn"]
[EventRounds "9"]
[EventCountry "HUN"]
[Source "chess.hu"]
[WhiteTeam "Tapolca Varosi VSE"]
[BlackTeam "Sentimento Ajka BSK"]
[WhiteTeamCountry "HUN"]
[BlackTeamCountry "HUN"]

1. d4 Nf6 2. c4 e6 3. g3 d5 4. Bg2 Be7 5. Nf3 O-O 6. O-O c6 7. Qc2 b6 8. Bf4
Nbd7 9. cxd5 cxd5 10. Rc1 Ba6 11. Nc3 b5 12. a4 b4 13. Nb5 Ne4 14. Qc6 Bxb5 15.
axb5 g5 16. Bc7 Qc8 17. Bh3 Ndf6 18. Ne5 Nd2 19. Ra6 Nb3 20. Rd1 Ne8 21. Bb6
Nd6 22. Bxa7 Nc4 23. Qxc8 Rfxc8 24. Nxf7 Rxa7 25. Nh6+ Kf8 26. Rxa7 Nxb2 27.
Bxe6 Rc2 28. Nf5 Ke8 29. Rxe7+ Kd8 30. Rd7+ Kc8 31. Ne7+ Kb8 32. Nc6+ 1-0

[Event "Szuperliga - GM Szabo Laszlo"]
[Site "Dunaharaszti"]
[Date "2024.03.10"]
[Round "6.1"]
[White "Sjugirov, Sanan"]
[Black "Grigoriants, Sergey"]
[Result "1/2-1/2"]
[WhiteElo "2690"]
[BlackElo "2534"]
[PlyCount "158"]
[EventDate "2023.10.28"]
[EventType "team-tourn"]
[EventRounds "9"]
[EventCountry "HUN"]
[Source "chess.hu"]
[WhiteTeam "Sentimento Ajka BSK"]
[BlackTeam "Dunaharaszti MTK"]
[WhiteTeamCountry "HUN"]
[BlackTeamCountry "HUN"]

1. d4 Nf6 2. c4 e6 3. Nf3 Bb4+ 4. Nbd2 O-O 5. a3 Bxd2+ 6. Bxd2 Ne4 7. Bf4 d6 8.
e3 b6 9. h4 Bb7 10. Ng5 Nf6 11. Bd3 Nbd7 12. Qc2 h6 13. O-O-O Qe7 14. Nh7 Nxh7
15. Bxh7+ Kh8 16. Be4 Bxe4 17. Qxe4 f5 18. Qc6 Nf6 19. f3 Rae8 20. Bh2 Qf7 21.
Rd2 a5 22. Kb1 Qd7 23. Qxd7 Nxd7 24. Kc2 Kg8 25. Kb3 Kf7 26. Ka4 Ke7 27. Kb5
Ra8 28. Re1 a4 29. Kb4 Ra5 30. e4 f4 31. Bg1 Rb8 32. Red1 g5 33. hxg5 hxg5 34.
Rc1 Raa8 35. Bf2 Rh8 36. Rcd1 Rh2 37. Bg1 Rhh8 38. Bf2 Rh2 39. g3 Rh3 40. Rg1
Kf7 41. Kb5 Nb8 42. c5 Ra5+ 43. Kc4 Nc6 44. cxd6 cxd6 45. Rc2 d5+ 46. Kd3 Ne7
47. Be1 Ra7 48. Rgg2 Rh1 49. Bd2 dxe4+ 50. Kxe4 fxg3 51. Rxg3 Nf5 52. Rxg5 Rd7
53. Bc3 Re1+ 54. Kd3 Rd1+ 55. Rd2 Rxd2+ 56. Kxd2 Nxd4 57. Bxd4 Rxd4+ 58. Ke3
Rc4 59. Rb5 Kf6 60. Rxb6 Kf5 61. Kd2 Rd4+ 62. Kc2 Rc4+ 63. Kb1 Rf4 64. Rb4 e5
65. Kc2 Rxf3 66. Rxa4 Rf2+ 67. Kc3 Rf3+ 68. Kc2 Rf2+ 69. Kb3 Rf3+ 70. Ka2 e4
71. Ra8 Ke5 72. a4 e3 73. a5 Kd5 74. Re8 Kc4 75. Re5 Kb4 76. a6 Rf6 77. Re4+
Kb5 78. a7 Ra6+ 79. Kb3 Rxa7 1/2-1/2

[Event "Szuperliga - GM Szabo Laszlo"]
[Site "Dunaharaszti"]
[Date "2024.03.10"]
[Round "6.2"]
[White "Gonda, Laszlo"]
[Black "Pechac, Jergus"]
[Result "1/2-1/2"]
[WhiteElo "2485"]
[BlackElo "2571"]
[PlyCount "81"]
[EventDate "2023.10.28"]
[EventType "team-tourn"]
[EventRounds "9"]
[EventCountry "HUN"]
[Source "chess.hu"]
[WhiteTeam "Dunaharaszti MTK"]
[BlackTeam "Sentimento Ajka BSK"]
[WhiteTeamCountry "HUN"]
[BlackTeamCountry "HUN"]

1. d4 Nf6 2. Nf3 e6 3. Bf4 c5 4. e3 d5 5. Nbd2 Qb6 6. Rb1 Bd7 7. c3 cxd4 8.
exd4 Bb5 9. Bxb5+ Qxb5 10. a4 Qa6 11. h3 Nbd7 12. Ra1 Bd6 13. Bxd6 Qxd6 14. O-O
O-O 15. Re1 Qc7 16. Re3 Ne8 17. Ne5 Nd6 18. Ndf3 Rab8 19. Nxd7 Qxd7 20. Ne5 Qc7
21. Nd3 Rfe8 22. Qg4 Ne4 23. h4 g6 24. Ne5 b5 25. Qe2 b4 26. c4 Nd6 27. cxd5
exd5 28. Ng4 Kg7 29. h5 gxh5 30. Ne5 f6 31. Nd3 Qc4 32. Rc1 Qxd4 33. Rc7+ Kf8
34. Nc5 Rxe3 35. fxe3 Re8 36. Nd7+ Kg8 37. exd4 Rxe2 38. Nxf6+ Kf8 39. Nxh7+
Kg8 40. Nf6+ Kf8 41. Nh7+ 1/2-1/2

[Event "Szuperliga - GM Szabo Laszlo"]
[Site "Dunaharaszti"]
[Date "2024.03.10"]
[Round "6.3"]
[White "Banusz, Tamas"]
[Black "Csiki, Endre"]
[Result "1-0"]
[WhiteElo "2617"]
[BlackElo "2278"]
[PlyCount "65"]
[EventDate "2023.10.28"]
[EventType "team-tourn"]
[EventRounds "9"]
[EventCountry "HUN"]
[Source "chess.hu"]
[WhiteTeam "Sentimento Ajka BSK"]
[BlackTeam "Dunaharaszti MTK"]
[WhiteTeamCountry "HUN"]
[BlackTeamCountry "HUN"]

1. d4 d5 2. Nf3 Nf6 3. c3 g6 4. Bf4 Nh5 5. Be5 f6 6. Bg3 Nxg3 7. hxg3 Bg7 8.
Nbd2 e5 9. dxe5 fxe5 10. e4 c6 11. Qb3 Qb6 12. exd5 Qxb3 13. Nxb3 cxd5 14.
O-O-O e4 15. Ng5 h6 16. Nh3 Bxh3 17. gxh3 O-O 18. Rxd5 Nc6 19. Rd2 Rae8 20. Nc5
e3 21. fxe3 Rxe3 22. Bc4+ Kh8 23. g4 Na5 24. Bd3 b5 25. Nd7 Rff3 26. Bxb5 Rxh3
27. Rxh3 Rxh3 28. Nc5 Rg3 29. Ne6 Bf6 30. Rf2 Bg5+ 31. Nxg5 hxg5 32. Rf8+ Kg7
33. Ra8 1-0

[Event "Szuperliga - GM Szabo Laszlo"]
[Site "Dunaharaszti"]
[Date "2024.03.10"]
[Round "6.4"]
[White "Flumbort, Andras Dr"]
[Black "Prohaszka, Peter"]
[Result "0-1"]
[WhiteElo "2448"]
[BlackElo "2579"]
[PlyCount "96"]
[EventDate "2023.10.28"]
[EventType "team-tourn"]
[EventRounds "9"]
[EventCountry "HUN"]
[Source "chess.hu"]
[WhiteTeam "Dunaharaszti MTK"]
[BlackTeam "Sentimento Ajka BSK"]
[WhiteTeamCountry "HUN"]
[BlackTeamCountry "HUN"]

1. d4 d5 2. c4 e6 3. Nc3 Nf6 4. cxd5 exd5 5. Bg5 Be7 6. e3 O-O 7. Bd3 Re8 8.
Qc2 h6 9. Bh4 c6 10. Nge2 Nbd7 11. O-O Nh5 12. Bxe7 Qxe7 13. Rab1 Nb6 14. b4 a6
15. a4 Bd7 16. b5 axb5 17. axb5 c5 18. dxc5 Qxc5 19. Rfc1 Rec8 20. Bh7+ Kh8 21.
Bf5 Nf6 22. Bxd7 Nbxd7 23. Qd1 Qd6 24. h3 Rc4 25. Nd4 Rac8 26. Nce2 Ne4 27. Qe1
Nb6 28. Ra1 Qf6 29. Rd1 Na4 30. f3 Nec3 31. Nxc3 Nxc3 32. Rd2 Qe5 33. Kh1 R4c5
34. Rb2 Re8 35. b6 Qxe3 36. Qxe3 Rxe3 37. Ra7 Re7 38. Rc2 Rc4 39. Nf5 Rd7 40.
Ra3 Nb5 41. Ra8+ Kh7 42. Rxc4 dxc4 43. Rc8 c3 44. Rc5 Rd3 45. Kh2 Na3 46. Rc7
c2 47. Ng3 Rd1 48. Ne2 Re1 0-1

[Event "Szuperliga - GM Szabo Laszlo"]
[Site "Dunaharaszti"]
[Date "2024.03.10"]
[Round "6.5"]
[White "Balog, Imre"]
[Black "Hoang, Thanh Trang"]
[Result "1-0"]
[WhiteElo "2616"]
[BlackElo "2384"]
[PlyCount "77"]
[EventDate "2023.10.28"]
[EventType "team-tourn"]
[EventRounds "9"]
[EventCountry "HUN"]
[Source "chess.hu"]
[WhiteTeam "Sentimento Ajka BSK"]
[BlackTeam "Dunaharaszti MTK"]
[WhiteTeamCountry "HUN"]
[BlackTeamCountry "HUN"]

1. c4 f5 2. g3 Nf6 3. Bg2 e6 4. Nc3 d5 5. d4 c6 6. Nf3 Bd6 7. O-O O-O 8. Qc2
Qe7 9. Rb1 Nbd7 10. cxd5 exd5 11. Ne1 Ne4 12. Nd3 Nb6 13. Nd1 Be6 14. b3 Rac8
15. Be3 Nd7 16. b4 Nb6 17. f3 Nf6 18. Bf4 Nc4 19. Bxd6 Qxd6 20. Qc3 b6 21. N1b2
Nd7 22. Rfd1 Rfe8 23. Nf4 b5 24. Bh3 Ndb6 25. e4 dxe4 26. fxe4 fxe4 27. Nxe6
Rxe6 28. Rf1 Rce8 29. Nxc4 Nxc4 30. Bxe6+ Qxe6 31. Rbe1 e3 32. Qd3 Qd5 33. Rf5
Nb2 34. Qc2 Qxd4 35. Qxc6 e2+ 36. Rf2 Rf8 37. Qe6+ Kh8 38. Rexe2 Nc4 39. Qf7
1-0

[Event "Szuperliga - GM Szabo Laszlo"]
[Site "Dunaharaszti"]
[Date "2024.03.10"]
[Round "6.6"]
[White "Popovics, Adam"]
[Black "Michalik, Peter"]
[Result "0-1"]
[WhiteElo "2368"]
[BlackElo "2562"]
[PlyCount "96"]
[EventDate "2023.10.28"]
[EventType "team-tourn"]
[EventRounds "9"]
[EventCountry "HUN"]
[Source "chess.hu"]
[WhiteTeam "Dunaharaszti MTK"]
[BlackTeam "Sentimento Ajka BSK"]
[WhiteTeamCountry "HUN"]
[BlackTeamCountry "HUN"]

1. d4 Nf6 2. c4 e6 3. Nf3 d5 4. e3 b6 5. Nc3 Bb7 6. b3 Bb4 7. Bd2 O-O 8. cxd5
exd5 9. Bd3 Nbd7 10. O-O Re8 11. Rc1 a6 12. Rc2 Bd6 13. Ne2 Ne4 14. Bc1 Rc8 15.
Bb2 Qe7 16. Qa1 h5 17. Nf4 h4 18. h3 Ng5 19. Nh2 Nf6 20. Bf5 Rcd8 21. Ng4 Nxg4
22. Bxg4 Qe4 23. Qd1 c5 24. Qd3 Bxf4 25. Qxe4 Nxe4 26. exf4 c4 27. Re1 b5 28.
Ba3 a5 29. b4 a4 30. Rce2 Kf8 31. Re3 Bc8 32. Bf3 Nf6 33. Re5 Bf5 34. Bb2 Be4
35. Bd1 g6 36. a3 Ng8 37. g3 Ne7 38. f3 Bd3 39. g4 Nc6 40. Rxe8+ Rxe8 41. Rxe8+
Kxe8 42. Kf2 Nd8 43. Bc1 c3 44. Be2 Bc4 45. Bxc4 bxc4 46. b5 Ne6 47. Be3 c2 48.
b6 Kd7 0-1

[Event "Szuperliga - GM Szabo Laszlo"]
[Site "Dunaharaszti"]
[Date "2024.03.10"]
[Round "6.7"]
[White "Neugebauer, Martin"]
[Black "Nguyen, Huynh Minh Huy"]
[Result "1-0"]
[WhiteElo "2529"]
[BlackElo "2436"]
[PlyCount "57"]
[EventDate "2023.10.28"]
[EventType "team-tourn"]
[EventRounds "9"]
[EventCountry "HUN"]
[Source "chess.hu"]
[WhiteTeam "Sentimento Ajka BSK"]
[BlackTeam "Dunaharaszti MTK"]
[WhiteTeamCountry "HUN"]
[BlackTeamCountry "HUN"]

1. e4 c5 2. Nf3 g6 3. d4 cxd4 4. Qxd4 Nf6 5. e5 Nc6 6. Qa4 Nd5 7. Qb3 Nc7 8.
Nc3 Ne6 9. Be3 Bg7 10. O-O-O Rb8 11. Bb5 Na5 12. Qb4 b6 13. Nd5 Nc7 14. Bf4
Nxd5 15. Rxd5 a6 16. Be2 b5 17. Rhd1 Nc6 18. Qd2 e6 19. Rd6 Ne7 20. Bh6 O-O 21.
Bxg7 Kxg7 22. h4 f6 23. exf6+ Rxf6 24. h5 gxh5 25. Qg5+ Rg6 26. Qf4 Nf5 27. Ne5
Qf6 28. Rxd7+ Bxd7 29. Rxd7+ 1-0